|
|
|
|
| LEADER |
01014nam a2200289 a 4500 |
| 001 |
000058779 |
| 003 |
CZ BrMZK |
| 005 |
20231017064712.0 |
| 008 |
960226s1994 xr f cze d |
| 015 |
|
|
|a cnb000092597
|
| 020 |
|
|
|a 80-85849-56-9
|
| 040 |
|
|
|a BOA001
|b cze
|
| 080 |
|
|
|a 535(03)
|2 MRF
|
| 080 |
|
|
|a 621.375.826(03)
|2 MRF
|
| 245 |
0 |
0 |
|a Lasery a moderní optika /
|c zpracoval kolektiv pod vedením M. Vrbové
|
| 250 |
|
|
|a 1. vyd.
|
| 260 |
|
|
|a Praha :
|b Prometheus,
|c 1994
|
| 300 |
|
|
|a 474 s. :
|b il. ;
|c 24 cm
|
| 490 |
1 |
|
|a Oborové encyklopedie
|
| 504 |
|
|
|a Obsahuje bibliografii
|
| 653 |
0 |
|
|a lasery
|a naučné slovníky
|a optika
|
| 700 |
1 |
|
|a Vrbová, Miroslava,
|d 1940-
|7 ntka174396
|4 com
|
| 830 |
|
0 |
|a Oborová encyklopedie
|
| 910 |
|
|
|a BOA001
|b TK-0258.175
|b 2-1515.055
|
| 990 |
|
|
|a BK
|
| 996 |
6 |
|
|b 2610950300
|c 2-1515.055
|l MZK
|r Sklad / do 1 hodiny
|n 0
|p dar
|w 000058779
|u 000020
|a 1
|e BOA001
|j MZK50
|s P
|
| 996 |
6 |
|
|b 2620002756
|c TK-0258.175
|l MZK
|r STM 6p
|n 1
|p kup
|h 621.3 LAS
|w 000058779
|u 000010
|a 0
|e BOA001
|j MZK50
|s P
|